Publish and be damned : The astonishing story of the Daily mirror
The 50 year history of the paper that had the largest daily circulation of any newspaper in the world as of 1953.
Guardat en:
| Autor principal: | |
|---|---|
| Format: | Llibre |
| Idioma: | Undetermined |
| Publicat: |
London
Andrew Dakers
1953
|
| Matèries: | |
| Etiquetes: |
Afegir etiqueta
Sense etiquetes, Sigues el primer a etiquetar aquest registre!
|
| Thư viện lưu trữ: | Trung tâm Học liệu Trường Đại học Cần Thơ |
|---|
| LEADER | 00690nam a2200217Ia 4500 | ||
|---|---|---|---|
| 001 | CTU_231614 | ||
| 008 | 210402s9999 xx 000 0 und d | ||
| 082 | |a 072 | ||
| 082 | |b C964 | ||
| 100 | |a Cudlipp, Hugh | ||
| 245 | 0 | |a Publish and be damned : | |
| 245 | 4 | |b The astonishing story of the Daily mirror | |
| 245 | 0 | |c Hugh Cudlipp | |
| 260 | |a London | ||
| 260 | |b Andrew Dakers | ||
| 260 | |c 1953 | ||
| 520 | |a The 50 year history of the paper that had the largest daily circulation of any newspaper in the world as of 1953. | ||
| 650 | |a Báo chí,Journalism | ||
| 650 | |x Thư mục,Bibliography | ||
| 910 | |b dqhieu | ||
| 980 | |a Trung tâm Học liệu Trường Đại học Cần Thơ | ||